Sports Quiz

Random Sports Quiz

Yellow Jersey on their birthday Quiz Stats

 Plays Quiz not verified by Sporcle

Score 0/10 Timer 01:30
0 Plays Today
Year Rider % Correct
1993Miguel Indurain
100%
1994Miguel Indurain
100%
1995Miguel Indurain
100%
1948Gino Bartali
76.9%
1949Gino Bartali
76.9%
1990Ronan Pensec
38.5%
1992Alex Zülle
23.1%
1963Federico Bahamontes
15.4%
2003Victor Hugo Peña
15.4%
1953Jean Malléjac
7.7%

You're not logged in!

Compare scores with friends on all Sporcle quizzes.
OR
Log In

Show Comments

Extras

Top Quizzes Today


Score Distribution

Your Account Isn't Verified!

In order to create a playlist on Sporcle, you need to verify the email address you used during registration. Go to your Sporcle Settings to finish the process.

Report this User

Report this user for behavior that violates our Community Guidelines.

Details: